<?xml version="1.0" encoding="UTF-8"?>
<record
    xmlns:xsi="http://www.w3.org/2001/XMLSchema-instance"
    xsi:schemaLocation="http://www.loc.gov/MARC21/slim http://www.loc.gov/standards/marcxml/schema/MARC21slim.xsd"
    xmlns="http://www.loc.gov/MARC21/slim">

  <leader>01486nam a22002535i 4500</leader>
  <controlfield tag="001">48547</controlfield>
  <controlfield tag="003">ES-MaACL</controlfield>
  <controlfield tag="005">20250718184615.0</controlfield>
  <controlfield tag="007">t|</controlfield>
  <controlfield tag="008">950724m18821883sp           ||||1| spa d</controlfield>
  <datafield tag="040" ind1=" " ind2=" ">
    <subfield code="a">CAM </subfield>
    <subfield code="b">spa </subfield>
    <subfield code="c">CAM</subfield>
  </datafield>
  <datafield tag="245" ind1="0" ind2="0">
    <subfield code="a">Derrotero general del Mediterr&#xE1;neo / </subfield>
    <subfield code="c">redactado en la Direcci&#xF3;n de Hidrograf&#xED;a.</subfield>
  </datafield>
  <datafield tag="260" ind1=" " ind2=" ">
    <subfield code="a">Madrid : </subfield>
    <subfield code="b">Direcci&#xF3;n de Hidrograf&#xED;a, </subfield>
    <subfield code="c">1882-1883.</subfield>
  </datafield>
  <datafield tag="300" ind1=" " ind2=" ">
    <subfield code="a">3 v. : </subfield>
    <subfield code="b">il., l&#xE1;m. pleg ; </subfield>
    <subfield code="c">23 cm.</subfield>
  </datafield>
  <datafield tag="500" ind1=" " ind2=" ">
    <subfield code="a">Tomo 3 con fecha de 1882.</subfield>
  </datafield>
  <datafield tag="505" ind1="8" ind2=" ">
    <subfield code="a">Contiene: T. 1. Comprende el Estrecho de Gibraltar, la costa de Espa&#xF1;a, las Islas Baleares y la costa de &#xC1;frica desde Ceuta hasta la frontera de T&#xFA;nez -- T. 2. Comprende las costas de Francia, las de Italia desde el Cabo Mart&#xED;n hasta el de Otranto en el Adri&#xE1;tico, las de las islas de C&#xF3;rcega, Cerde&#xF1;a, Sicilia, Archipi&#xE9;lago Toscano, de Malta y las de la Regencia de T&#xFA;nez -- T. 3. Comprende desde el Cabo Lenguetta en la costa O. de Albania al de Malea en Grecia, las Islas J&#xF3;nicas, Cerigo, Cand&#xED;a, Casso, Scarpanto, Sarria, Rodas y Chipre y las costas de Caramania, Siria, Egipto y Tr&#xED;poli</subfield>
  </datafield>
  <datafield tag="594" ind1=" " ind2=" ">
    <subfield code="a">Precede al t&#xED;t., en cada tomo, respectivamente: N&#xFA;m. 3, 4, 5.</subfield>
  </datafield>
  <datafield tag="650" ind1=" " ind2="4">
    <subfield code="a">Derroteros-</subfield>
    <subfield code="z">Mediterr&#xE1;neo (Regi&#xF3;n)</subfield>
    <subfield code="9">154844</subfield>
  </datafield>
  <datafield tag="700" ind1="1" ind2=" ">
    <subfield code="a">Murga y Mug&#xE1;rtegui, Gonzalo de</subfield>
    <subfield code="9">84568</subfield>
  </datafield>
  <datafield tag="700" ind1="1" ind2=" ">
    <subfield code="a">Carrasco y Guisasola, Francisco.</subfield>
    <subfield code="9">35575</subfield>
  </datafield>
  <datafield tag="710" ind1="1" ind2=" ">
    <subfield code="a">Espa&#xF1;a. </subfield>
    <subfield code="b">Direcci&#xF3;n de Hidrograf&#xED;a.</subfield>
    <subfield code="9">3694</subfield>
  </datafield>
  <datafield tag="852" ind1=" " ind2=" ">
    <subfield code="a">ES-MaACL</subfield>
    <subfield code="j">G-11313-15</subfield>
  </datafield>
  <datafield tag="999" ind1=" " ind2=" ">
    <subfield code="c">48547</subfield>
    <subfield code="d">48547</subfield>
  </datafield>
  <datafield tag="952" ind1=" " ind2=" ">
    <subfield code="0">0</subfield>
    <subfield code="1">0</subfield>
    <subfield code="4">0</subfield>
    <subfield code="7">0</subfield>
    <subfield code="8">LIBXIX</subfield>
    <subfield code="a">ATENEOM</subfield>
    <subfield code="b">ATENEOM</subfield>
    <subfield code="c">SPP3</subfield>
    <subfield code="d">2008-01-17</subfield>
    <subfield code="e">SC</subfield>
    <subfield code="l">0</subfield>
    <subfield code="o">G-11313-15</subfield>
    <subfield code="p">1051091</subfield>
    <subfield code="r">2023-02-23 00:00:00</subfield>
    <subfield code="w">2023-02-23</subfield>
    <subfield code="y">MONANT</subfield>
  </datafield>
</record>
